[Event "XII Torneo Leonardo di Bona Nazionale"]
[Site "Cutro ITA"]
[Date "2006.04.23"]
[Round "1"]
[White "Rizzuti, Pasquale"]
[Black "Soluri, Francesco"]
[Result "1-0"]
[WhiteElo "1847"]
[BlackElo "1473"]
[PlyCount "61"]
[EventDate "2006.04.23"]

1.b3 e5 2.Bb2 d6 3.c4 b6 4.Nc3 Bb7 5.e4 Nd7 6.Nf3 Ngf6 7.d3 Be7 8.Be2 O-O 
9.O-O Re8 10.Nd2 Nc5 11.f4 exf4 12.Rxf4 Ne6 13.Rf1 Nd4 14.Rc1 Nxe2+ 15.
Qxe2 Bc8 16.h3 c6 17.Qf3 Rf8 18.d4 Bb7 19.d5 Rc8 20.Rce1 Rc7 21.dxc6 Bxc6 
22.Nd5 Nxd5 23.exd5 Bb7 24.Qg3 f6 25.Nf3 Rf7 26.Nd4 Qd7 27.Nf5 Bf8 28.Nh6+
Kh8 29.Nxf7+ Qxf7 30.Re6 Bc8 31.Rexf6 1-0

[Event "XII Torneo Leonardo di Bona Nazionale"]
[Site "Cutro ITA"]
[Date "2006.04.23"]
[Round "1"]
[White "Spagnolo, Vincenzo"]
[Black "Cultrera, Salvatore"]
[Result "0-1"]
[WhiteElo "1401"]
[BlackElo "1685"]
[PlyCount "94"]
[EventDate "2006.04.23"]

1.e4 d5 2.d3 dxe4 3.dxe4 Qxd1+ 4.Kxd1 Nf6 5.Nc3 c6 6.f3 e5 7.a3 Be6 8.Be3 
Nbd7 9.Bd3 Nc5 10.Bxc5 Bxc5 11.Nge2 a6 12.f4 exf4 13.Nxf4 Bg4+ 14.Nce2 Rd8
15.h3 Bc8 16.Kc1 Be3+ 17.Kb1 g5 18.e5 Nd7 19.e6 Ne5 20.exf7+ Kxf7 21.Nh5 
Nxd3 22.cxd3 Rxd3 23.Rf1+ Ke7 24.Kc2 Rd2+ 25.Kb3 Rxe2 26.Rae1 Be6+ 27.Kc3 
Bd2+ 28.Kd3 Rxe1 29.Ng3 Rd8+ 30.Kc2 Rxf1 31.Nxf1 Bf5+ 32.Kd1 Bf4+ 33.Ke1 
Be5 34.g4 Bb1 35.Nd2 Ba2 36.b3 Bc3 37.b4 Rxd2 38.Kf1 Bb2 39.Ke1 Rh2 40.a4 
Bb3 41.a5 Bc3+ 42.Kf1 Bxb4 43.Kg1 Rb2 44.Kf1 Bxa5 45.Kg1 Bb4 46.Kf1 a5 47.
Kg1 a4 0-1

[Event "XII Torneo Leonardo di Bona Nazionale"]
[Site "Cutro ITA"]
[Date "2006.04.23"]
[Round "1"]
[White "Virelli, Salvatore"]
[Black "Ielapi, Vito"]
[Result "0-1"]
[WhiteElo "1539"]
[BlackElo "1953"]
[PlyCount "100"]
[EventDate "2006.04.23"]

1.e4 c6 2.d4 d5 3.Nc3 dxe4 4.Nxe4 Nd7 5.Nf3 Ngf6 6.Bd3 Nxe4 7.Bxe4 Nf6 8.
Bd3 Bg4 9.c3 e6 10.O-O Be7 11.Bg5 O-O 12.Bxf6 Bxf6 13.Be2 Qc7 14.Re1 Rad8 
15.Nd2 Bf5 16.h3 Rd7 17.Nb3 b6 18.Bd3 Bxd3 19.Qxd3 c5 20.Qe4 Rfd8 21.Rad1 
cxd4 22.cxd4 Qc4 23.Rc1 Qa4 24.d5 Qxe4 25.Rxe4 Rxd5 26.Rc2 g6 27.g3 Kf8 
28.Ree2 h5 29.Nd2 Be7 30.Kg2 Rc5 31.Ne4 Rxc2 32.Rxc2 f5 33.Nd2 Rd7 34.Nf3 
Bf6 35.b3 e5 36.Rd2 Ke7 37.Rxd7+ Kxd7 38.Kf1 Kc6 39.Ke2 Kc5 40.a3 e4 41.
Nd2 Kd4 42.Nb1 Be7 43.Kd2 a5 44.Nc3 Bg5+ 45.Kc2 h4 46.Ne2+ Ke5 47.Nc3 Be7 
48.a4 Bc5 49.Nd1 Bxf2 50.Nxf2 hxg3 0-1

[Event "XII Torneo Leonardo di Bona Nazionale"]
[Site "Cutro ITA"]
[Date "2006.04.23"]
[Round "1"]
[White "Zavaglia, Giuseppe"]
[Black "Calomeni, Gianpaolo"]
[Result "1-0"]
[WhiteElo "1808"]
[BlackElo "1440"]
[PlyCount "89"]
[EventDate "2006.04.23"]

1.e4 e5 2.f4 exf4 3.Nf3 Nc6 4.Bc4 h6 5.d4 Nf6 6.Bxf4 Nxe4 7.O-O d5 8.Bb5 
Bd7 9.Nc3 Nxc3 10.bxc3 Qf6 11.Be5 Nxe5 12.Nxe5 Bxb5 13.Rxf6 gxf6 14.Ng4 
O-O-O 15.a4 Ba6 16.Nxf6 h5 17.Qf3 Kb8 18.Nxd5 Bd6 19.Nb4 Bxb4 20.cxb4 b6 
21.d5 Bb7 22.c4 Rde8 23.b5 Re7 24.Rf1 Bc8 25.Qf6 Rhe8 26.h3 Rd7 27.Rf3 Rg8
28.Re3 Rd6 29.Qxf7 Rdg6 30.Qf2 h4 31.Kf1 Rg5 32.Rf3 Kb7 33.Rf7 Ka8 34.Rf4 
R5g7 35.Rf8 Kb8 36.Rxg8 Rxg8 37.Qxh4 Re8 38.g4 Re4 39.Qd8 Rxc4 40.d6 Rc1+ 
41.Ke2 cxd6 42.Qxd6+ Ka8 43.Kd2 Rg1 44.Ke3 Rg3+ 45.Qxg3 1-0

[Event "XII Torneo Leonardo di Bona Nazionale"]
[Site "Cutro ITA"]
[Date "2006.04.24"]
[Round "2"]
[White "Abbruzzese, Alfredo"]
[Black "Policastrese, Salvatore"]
[Result "0-1"]
[WhiteElo "1380"]
[BlackElo "1440"]
[PlyCount "57"]
[EventDate "2006.04.23"]

1.e4 e5 2.Nf3 Nc6 3.Bc4 h6 4.O-O Nf6 5.Nc3 Bc5 6.h3 O-O 7.d3 Re8 8.a3 a5 
9.Bd2 d6 10.Re1 Ne7 11.Ne2 c6 12.b4 Bb6 13.a4 d5 14.Bb3 Qd6 15.c3 dxe4 16.
dxe4 Nxe4 17.Bc2 Nxf2 18.Qc1 Nd3+ 19.Be3 Nxc1 20.Nxc1 Bxe3+ 21.Rxe3 axb4 
22.cxb4 Nf5 23.Rd3 Qxb4 24.Na2 Qc5+ 25.Kh2 Qxc2 26.Ra3 Rxa4 27.Nc3 Rxa3 
28.Rxa3 Qc1 29.Ng1 0-1

[Event "XII Torneo Leonardo di Bona Nazionale"]
[Site "Cutro ITA"]
[Date "2006.04.24"]
[Round "2"]
[White "Alo', Lucio"]
[Black "De Rasis, Giovanni"]
[Result "0-1"]
[WhiteElo "1628"]
[BlackElo "1476"]
[PlyCount "94"]
[EventDate "2006.04.23"]

1.Nf3 c6 2.d4 d5 3.Bf4 Nf6 4.Nc3 e6 5.e3 Bb4 6.Bd3 O-O 7.O-O Bxc3 8.bxc3 
Nbd7 9.c4 dxc4 10.Bxc4 Nb6 11.Bb3 Nbd5 12.Bg5 h6 13.Bh4 Qa5 14.Qd3 Nb4 15.
Qe2 Ne4 16.a3 Nd5 17.Bxd5 exd5 18.Be7 Re8 19.Bb4 Qc7 20.Ne5 a5 21.Be1 f6 
22.Nd3 b6 23.Qh5 Qf7 24.Qh4 Bf5 25.Nb2 Nd6 26.Qf4 Qe6 27.c3 Re7 28.Na4 g5 
29.Qf3 Bg4 30.Qg3 Ne4 31.Qxg4 Qxg4 32.f3 Qe6 33.fxe4 dxe4 34.Rb1 f5 35.
Rxb6 f4 36.Bd2 fxe3 37.Bxe3 Rf8 38.Rd1 Qc4 39.Nc5 Qe2 40.Rdb1 Qxe3+ 41.Kh1
Qf4 42.R6b2 e3 43.Nd3 Qf5 44.Ne5 Rxe5 45.dxe5 e2 46.h3 Qxb1+ 47.Rxb1 Rf1+ 
0-1

[Event "XII Torneo Leonardo di Bona Nazionale"]
[Site "Cutro ITA"]
[Date "2006.04.24"]
[Round "2"]
[White "Calomeni, Gianpaolo"]
[Black "Macri', Pasquale"]
[Result "1/2-1/2"]
[WhiteElo "1440"]
[BlackElo "1374"]
[PlyCount "163"]
[EventDate "2006.04.23"]

1.e4 e5 2.Nf3 d6 3.Bc4 h6 4.Nc3 Nc6 5.d4 Nxd4 6.Nxd4 exd4 7.Qxd4 Qf6 8.Be3
Qxd4 9.Bxd4 c5 10.Be3 Nf6 11.O-O-O Ng4 12.Nb5 Nxe3 13.fxe3 Kd8 14.h3 a6 
15.Nxd6 Bxd6 16.Rxd6+ Kc7 17.Rd2 b5 18.Bxf7 Rf8 19.Bd5 Bb7 20.Rhd1 Rad8 
21.Bxb7 Rxd2 22.Rxd2 Kxb7 23.Rd7+ Kc6 24.Rxg7 Re8 25.Rg6+ Kb7 26.Rxh6 Rxe4
27.Kd2 Rb4 28.b3 c4 29.a3 cxb3 30.cxb3 Rxb3 31.g4 Rxa3 32.g5 Ra2+ 33.Kc3 
Rg2 34.g6 a5 35.Rh7+ Kb6 36.g7 b4+ 37.Kb3 Kb5 38.Rh5+ Kb6 39.Ka4 Ra2+ 40.
Kb3 Rg2 41.Ka4 b3 42.Kxb3 Rxg7 43.Rh6+ Kb5 44.Rh5+ Kb6 45.Ka4 Re7 46.Rb5+ 
Kc6 47.Rb3 Re4+ 48.Kxa5 Re5+ 49.Ka4 Rh5 50.e4 Rh4 51.Rc3+ Kd6 52.Re3 Ke5 
53.Kb5 Rxe4 54.Rc3 Rh4 55.Rc5+ Kd6 56.Rc6+ Kd5 57.Rc5+ Kd6 58.Rc3 Ke5 59.
Kc5 Rh5 60.Kb4 Rh4+ 61.Kb3 Kf5 62.Kc2 Kf4 63.Kd2 Rh5 64.Ke2 Rg5 65.Rf3+ 
Ke4 66.Kf2 Rf5 67.Rxf5 Kxf5 68.Kg3 Kg5 69.h4+ Kh5 70.Kh3 Kg6 71.Kg4 Kh6 
72.h5 Kh7 73.Kg5 Kg7 74.Kf5 Kh6 75.Kg4 Kg7 76.Kg5 Kh7 77.h6 Kg8 78.Kg6 Kh8
79.Kh5 Kg8 80.Kg5 Kh7 81.Kh5 Kg8 82.Kg6 1/2-1/2

[Event "XII Torneo Leonardo di Bona Nazionale"]
[Site "Cutro ITA"]
[Date "2006.04.24"]
[Round "2"]
[White "Catapano, Francesco"]
[Black "Fagotto, Roberto"]
[Result "1/2-1/2"]
[WhiteElo "1784"]
[BlackElo "1940"]
[PlyCount "88"]
[EventDate "2006.04.23"]

1.e4 d5 2.exd5 Qxd5 3.Nc3 Qa5 4.d4 c6 5.Bd2 Qc7 6.Nf3 Nf6 7.Bc4 Bf5 8.O-O 
e6 9.Ne5 Be7 10.Bd3 Bxd3 11.Nxd3 Nbd7 12.f4 O-O 13.Be3 Nd5 14.Nxd5 exd5 
15.c3 Nf6 16.Nf2 Bd6 17.Qd2 Rfe8 18.Rae1 Ne4 19.Nxe4 Rxe4 20.g3 Rae8 21.
Qf2 Qe7 22.Bd2 Re2 23.Rxe2 Qxe2 24.Qxe2 Rxe2 25.Rf2 Re4 26.Kf1 f5 27.Re2 
Kf7 28.Rxe4 fxe4 29.Ke2 Kf6 30.h3 h5 31.g4 g6 32.Kf2 hxg4 33.hxg4 b6 34.a4
c5 35.b3 cxd4 36.cxd4 a6 37.Be3 b5 38.axb5 axb5 39.Ke2 Bb4 40.Kd1 Bc3 41.
Ke2 Ke6 42.Kd1 Kf7 43.Ke2 Bb4 44.Kd1 Bd6 1/2-1/2

[Event "XII Torneo Leonardo di Bona Nazionale"]
[Site "Cutro ITA"]
[Date "2006.04.24"]
[Round "2"]
[White "Cultrera, Salvatore"]
[Black "Rizzuti, Pasquale"]
[Result "0-1"]
[WhiteElo "1685"]
[BlackElo "1847"]
[PlyCount "58"]
[EventDate "2006.04.23"]

1.d4 Nf6 2.Nf3 g6 3.c3 Bg7 4.Bf4 d6 5.Qd2 O-O 6.Bh6 Ne4 7.Qe3 f5 8.Bxg7 
Kxg7 9.Nbd2 Nxd2 10.Qxd2 Nd7 11.e3 Nf6 12.Bd3 b6 13.Ng5 h6 14.Nh3 e5 15.
dxe5 dxe5 16.O-O-O Be6 17.Kb1 Qd5 18.f3 Qxa2+ 19.Kc1 Rfd8 20.Qe2 Bb3 21.
Rd2 a5 22.Bb1 Qa1 23.g4 fxg4 24.fxg4 Ne4 25.Rxd8 Rxd8 26.Qf3 Rd2 27.Qf7+ 
Kxf7 28.Ng5+ hxg5 29.Rf1+ Ke6 0-1

[Event "XII Torneo Leonardo di Bona Nazionale"]
[Site "Cutro ITA"]
[Date "2006.04.24"]
[Round "2"]
[White "De Marco, Francesco"]
[Black "Ielapi, Gianbattista"]
[Result "1/2-1/2"]
[WhiteElo "1881"]
[BlackElo "1629"]
[PlyCount "83"]
[EventDate "2006.04.23"]

1.e4 c5 2.Nf3 d6 3.d4 cxd4 4.Nxd4 Nf6 5.Nc3 g6 6.Be2 Bg7 7.Be3 O-O 8.Qd2 
Ng4 9.Bg5 Nc6 10.Nxc6 bxc6 11.h3 Ne5 12.f4 Nd7 13.O-O-O Rb8 14.Qe3 f6 15.
Bc4+ Kh8 16.Bh4 Nc5 17.Kb1 Qb6 18.b3 a5 19.Bf2 a4 20.Qe2 Qb4 21.Be1 axb3 
22.cxb3 Qb7 23.g4 f5 24.gxf5 gxf5 25.e5 d5 26.Nxd5 cxd5 27.Bxd5 Qc7 28.Rg1
Be6 29.Qc4 Rfd8 30.Bf2 Bxd5 31.Rxd5 Rxd5 32.Qxd5 Ne4 33.Qf7 Rg8 34.Bd4 Qd7
35.Bb2 Qd3+ 36.Ka1 Nc3 37.a3 Nd1 38.Qxe7 Nxb2 39.Rxg7 Qd1+ 40.Kxb2 Qd2+ 
41.Kb1 Rxg7 42.Qf8+ 1/2-1/2

[Event "XII Torneo Leonardo di Bona Nazionale"]
[Site "Cutro ITA"]
[Date "2006.04.24"]
[Round "2"]
[White "Frontera, Giuseppe"]
[Black "Piccoli, Vincenzo"]
[Result "1/2-1/2"]
[WhiteElo "1883"]
[BlackElo "1667"]
[PlyCount "68"]
[EventDate "2006.04.23"]

1.e4 d5 2.exd5 Qxd5 3.Nc3 Qa5 4.d4 Nf6 5.Nf3 Bg4 6.Be2 Nbd7 7.O-O e6 8.Nd2
Bxe2 9.Qxe2 c6 10.Nb3 Qc7 11.Be3 Bd6 12.h3 O-O 13.Na4 Rfe8 14.Nac5 e5 15.
Nxd7 Nxd7 16.Qg4 Nf6 17.Qh4 exd4 18.Nxd4 Re4 19.Qg5 Bf4 20.Bxf4 Qxf4 21.
Qxf4 Rxf4 22.Rad1 Rd8 23.c3 Re4 24.Rfe1 Rxe1+ 25.Rxe1 Re8 26.Rxe8+ Nxe8 
27.Kf1 Nd6 28.Ke2 Kf8 29.Kd3 Ke7 30.Nb3 Kd7 31.Nc5+ Kc7 32.Kd4 Nf5+ 33.Ke4
Nd6+ 34.Kd4 Nf5+ 1/2-1/2

[Event "XII Torneo Leonardo di Bona Nazionale"]
[Site "Cutro ITA"]
[Date "2006.04.24"]
[Round "2"]
[White "Ielapi, Vito"]
[Black "Salvo, Vincenzo"]
[Result "1/2-1/2"]
[WhiteElo "1953"]
[BlackElo "1721"]
[PlyCount "103"]
[EventDate "2006.04.23"]

1.c4 c5 2.Nc3 Nc6 3.Nf3 e5 4.g3 Nf6 5.Bg2 d6 6.O-O Be7 7.Ne1 Be6 8.d3 Qd7 
9.Nc2 O-O 10.Ne3 Rfe8 11.Re1 Bh3 12.Bh1 Rad8 13.Ned5 Nxd5 14.Nxd5 Be6 15.
a3 Bf8 16.Rb1 Bxd5 17.Bxd5 Ne7 18.Bg2 d5 19.b3 b6 20.Bb2 Qe6 21.Qc1 d4 22.
b4 Rc8 23.b5 Qg6 24.a4 f5 25.a5 Rc7 26.Qd2 Nc8 27.Ra1 Nd6 28.Ra3 Be7 29.
Rea1 Bg5 30.Qd1 Rb8 31.axb6 axb6 32.Ra8 Rcc8 33.R8a7 Rd8 34.Rc7 Rbc8 35.
Rxc8 Rxc8 36.Ra7 e4 37.e3 Bf6 38.exd4 cxd4 39.Ba3 Ne8 40.Qb3 Kh8 41.Qb1 e3
42.Qe1 Bg5 43.f4 Bf6 44.Qe2 Rb8 45.Bc6 Bd8 46.Qf3 Nc7 47.Kf1 Kg8 48.c5 
bxc5 49.Bxc5 Nxb5 50.Bxb5 Rc8 51.Bc4+ Kh8 52.Bxd4 1/2-1/2

[Event "XII Torneo Leonardo di Bona Nazionale"]
[Site "Cutro ITA"]
[Date "2006.04.24"]
[Round "2"]
[White "Luvera', Filippo"]
[Black "Olivo, Paolo"]
[Result "1-0"]
[WhiteElo "1832"]
[BlackElo "1628"]
[PlyCount "87"]
[EventDate "2006.04.23"]

1.e4 c6 2.d4 d5 3.exd5 cxd5 4.c4 Nf6 5.Nc3 Bf5 6.Nf3 Nc6 7.cxd5 Nxd5 8.Qb3
Ndb4 9.Be3 Nc2+ 10.Kd2 Nxa1 11.Qb5 e6 12.Bd3 Bxd3 13.Kxd3 Be7 14.Rxa1 O-O 
15.Ke2 Qc7 16.Rc1 a6 17.Qc4 Rac8 18.d5 Na5 19.Qxc7 Rxc7 20.Bb6 Rxc3 21.
Rxc3 Bb4 22.Rc2 exd5 23.a3 Nc4 24.Rxc4 dxc4 25.axb4 Rc8 26.Kd2 Rc6 27.Bd4 
f6 28.Kc3 b5 29.Nd2 Kf7 30.Ne4 h5 31.g3 Ke6 32.h3 Kd5 33.f3 a5 34.Bc5 
axb4+ 35.Kxb4 Rc7 36.Bb6 Rc8 37.Kxb5 f5 38.Nc3+ Kd6 39.Na4 g6 40.Bc5+ Ke6 
41.Kxc4 Ke5 42.b4 f4 43.g4 hxg4 44.hxg4 1-0

[Event "XII Torneo Leonardo di Bona Nazionale"]
[Site "Cutro ITA"]
[Date "2006.04.24"]
[Round "2"]
[White "Meli, Massimo"]
[Black "Virelli, Salvatore"]
[Result "1-0"]
[WhiteElo "1878"]
[BlackElo "1539"]
[PlyCount "89"]
[EventDate "2006.04.23"]

1.e4 c5 2.Nf3 d6 3.Nc3 Nf6 4.Be2 e5 5.h3 Be7 6.Bc4 h6 7.d3 a6 8.a4 O-O 9.
O-O Bd7 10.Nh2 Nc6 11.f4 Nd4 12.f5 b5 13.axb5 axb5 14.Rxa8 Qxa8 15.Bd5 Bc6
16.Bxc6 Qxc6 17.Ne2 Ra8 18.c3 Nxe2+ 19.Qxe2 d5 20.Ng4 d4 21.Nxe5 Qd6 22.
Bf4 Qa6 23.cxd4 cxd4 24.Rc1 Bd6 25.Qf2 Re8 26.Ng4 Nxg4 27.hxg4 Bxf4 28.
Qxf4 f6 29.Qc7 b4 30.Qc4+ Qxc4 31.Rxc4 Ra8 32.Rxd4 b3 33.Rb4 Ra1+ 34.Kf2 
Rb1 35.Rxb3 Kh7 36.d4 Rd1 37.d5 h5 38.gxh5 Rd4 39.Re3 Kh6 40.g4 Kg5 41.Kg3
Rb4 42.b3 Rd4 43.Kf3 Rd1 44.Ke2 Rg1 45.d6 1-0

[Event "XII Torneo Leonardo di Bona Nazionale"]
[Site "Cutro ITA"]
[Date "2006.04.24"]
[Round "2"]
[White "Olivo, Gaetano"]
[Black "Zavaglia, Giuseppe"]
[Result "0-1"]
[WhiteElo "1637"]
[BlackElo "1808"]
[PlyCount "62"]
[EventDate "2006.04.23"]

1.e4 c5 2.Nf3 d6 3.Bc4 e6 4.d4 cxd4 5.Nxd4 Nf6 6.Nc3 a6 7.O-O Qc7 8.Bd3 
Nbd7 9.f4 Be7 10.g4 h6 11.Re1 b5 12.a3 Bb7 13.Be3 Nc5 14.Bf2 Nfd7 15.Qd2 
Rc8 16.Nde2 Bf6 17.Nd1 Nxe4 18.Bxe4 Bxe4 19.c3 Bb7 20.Ne3 Qc6 21.Ng3 Nc5 
22.Kf1 Nb3 23.Qc2 Nxa1 24.Rxa1 O-O 25.Rd1 Rfd8 26.f5 Be5 27.fxe6 fxe6 28.
Qg6 Qe8 29.Qd3 Qf7 30.Ke1 Rf8 31.Rd2 Bf4 0-1

[Event "XII Torneo Leonardo di Bona Nazionale"]
[Site "Cutro ITA"]
[Date "2006.04.24"]
[Round "2"]
[White "Paragliola, Gennaro"]
[Black "Spagnolo, Vincenzo"]
[Result "1-0"]
[WhiteElo "1529"]
[BlackElo "1401"]
[PlyCount "71"]
[EventDate "2006.04.23"]

1.d4 d5 2.c4 e6 3.Nc3 Nf6 4.Bg5 Be7 5.e3 c6 6.Nf3 a6 7.Qc2 b5 8.c5 h6 9.
Bh4 O-O 10.a3 a5 11.Bd3 Bb7 12.O-O b4 13.Na4 Nbd7 14.h3 bxa3 15.Rxa3 Ba6 
16.Rfa1 Bxd3 17.Qxd3 Re8 18.Qd2 Ne4 19.Bxe7 Rxe7 20.Qe1 Re8 21.Nc3 f6 22.
Nxe4 dxe4 23.Nd2 f5 24.Nc4 e5 25.b4 a4 26.Rxa4 Rxa4 27.Rxa4 exd4 28.exd4 
Nf6 29.Nd6 Re7 30.Nxf5 Re6 31.Qa1 Kh7 32.Qa2 Qg8 33.Ra7 Ne8 34.Ra8 g6 35.
Ra7+ Kh8 36.Nxh6 1-0

[Event "XII Torneo Leonardo di Bona Nazionale"]
[Site "Cutro ITA"]
[Date "2006.04.24"]
[Round "2"]
[White "Soluri, Francesco"]
[Black "Camposano, Antonio"]
[Result "1-0"]
[WhiteElo "1473"]
[BlackElo "1389"]
[PlyCount "109"]
[EventDate "2006.04.23"]

1.d4 g6 2.c3 Bh6 3.Bxh6 Nxh6 4.Nf3 e6 5.Nbd2 b6 6.g3 Bb7 7.Bg2 d6 8.O-O 
Nd7 9.Re1 Nf5 10.e4 Ng7 11.c4 O-O 12.Qc2 Nh5 13.d5 Nhf6 14.Ng5 Qe7 15.Bh3 
Nc5 16.b4 h6 17.bxc5 hxg5 18.cxd6 cxd6 19.Nb3 g4 20.Bg2 Rac8 21.Nd4 Ba6 
22.Nc6 Qd7 23.a4 Qb7 24.Qc3 Kg7 25.e5 dxe5 26.Rxe5 Rfe8 27.Rae1 Qc7 28.Qd4
Qd6 29.Rd1 Qc5 30.Qxc5 bxc5 31.d6 Rxc6 32.Bxc6 Rd8 33.Rxc5 Nd7 34.Bxd7 
Rxd7 35.Rc7 Rd8 36.c5 Bc8 37.d7 Ba6 38.Rxa7 Be2 39.Rc1 Rb8 40.c6 Rd8 41.a5
Bb5 42.Rc7 Ra8 43.Rc8 Rxa5 44.d8=Q Ba6 45.Ra8 Rd5 46.Qg8+ Kf6 47.Rxa6 Kf5 
48.Qxf7+ Ke4 49.Qxe6+ Re5 50.Qxe5+ Kxe5 51.c7 Ke4 52.c8=Q Kf3 53.Rxg6 Ke2 
54.Qxg4+ Kd2 55.Qd1# 1-0

[Event "XII Torneo Leonardo di Bona Nazionale"]
[Site "Cutro ITA"]
[Date "2006.04.25"]
[Round "3"]
[White "Catapano, Francesco"]
[Black "Meli, Massimo"]
[Result "0-1"]
[WhiteElo "1784"]
[BlackElo "1878"]
[PlyCount "74"]
[EventDate "2006.04.23"]

1.e4 e5 2.f4 Bc5 3.Nf3 d5 4.d3 dxe4 5.dxe4 Qxd1+ 6.Kxd1 exf4 7.Bxf4 Nf6 8.
Bd3 Ng4 9.Ke2 Bb6 10.Rf1 O-O 11.h3 Nf6 12.g4 Re8 13.Be5 Nbd7 14.Bxf6 Nxf6 
15.Nbd2 h6 16.Rae1 Nd5 17.Nc4 Nf4+ 18.Kd2 Nxh3 19.Nfe5 Be6 20.a3 Bd4 21.
Nf3 Bc5 22.Nfe5 Rad8 23.Kc1 f6 24.Ng6 Bxg4 25.e5 Bf2 26.Re3 Bxe3+ 27.Nxe3 
Rxd3 28.cxd3 Bh5 29.Nh4 Rxe5 30.Nc4 Rc5 31.Kd2 Bf7 32.b3 b5 33.b4 Rh5 34.
Nf5 bxc4 35.dxc4 Bxc4 36.Ne7+ Kf7 37.Re1 Re5 0-1

[Event "XII Torneo Leonardo di Bona Nazionale"]
[Site "Cutro ITA"]
[Date "2006.04.25"]
[Round "3"]
[White "De Rasis, Giovanni"]
[Black "Cultrera, Salvatore"]
[Result "0-1"]
[WhiteElo "1476"]
[BlackElo "1685"]
[PlyCount "43"]
[EventDate "2006.04.23"]

1.d4 d5 2.c4 dxc4 3.Nc3 c6 4.a4 Nf6 5.e4 Qa5 6.e5 Ne4 7.Bxc4 e6 8.Qd3 Nxc3
9.Bd2 Bb4 10.bxc3 Be7 11.Ne2 O-O 12.O-O Nd7 13.Qg3 Kh8 14.f4 c5 15.f5 Nb6 
16.f6 gxf6 17.exf6 Bxf6 18.Rxf6 Nxc4 19.Bh6 Rg8 20.Qf4 cxd4 21.Rxe6 Qd8 
22.Re4 0-1

[Event "XII Torneo Leonardo di Bona Nazionale"]
[Site "Cutro ITA"]
[Date "2006.04.25"]
[Round "3"]
[White "Fagotto, Roberto"]
[Black "Salvo, Vincenzo"]
[Result "1/2-1/2"]
[WhiteElo "1940"]
[BlackElo "1721"]
[PlyCount "46"]
[EventDate "2006.04.23"]

1.e4 e5 2.Nf3 Nc6 3.Bb5 a6 4.Bxc6 dxc6 5.h3 Bc5 6.O-O Qd6 7.c3 Ne7 8.d4 
exd4 9.cxd4 Bb6 10.Nc3 Be6 11.Be3 O-O 12.Qa4 Bd7 13.Ne5 Rad8 14.Nxd7 Rxd7 
15.Rad1 Qf6 16.Rd2 Rfd8 17.Rfd1 Qe6 18.Qc2 Kh8 19.Kh1 Ng8 20.f4 f5 21.e5 
Ne7 22.a3 Qc4 23.b3 Qe6 1/2-1/2

[Event "XII Torneo Leonardo di Bona Nazionale"]
[Site "Cutro ITA"]
[Date "2006.04.25"]
[Round "3"]
[White "Ielapi, Gianbattista"]
[Black "Frontera, Giuseppe"]
[Result "0-1"]
[WhiteElo "1629"]
[BlackElo "1883"]
[PlyCount "80"]
[EventDate "2006.04.23"]

1.e4 c5 2.Nf3 d6 3.d4 cxd4 4.Nxd4 Nf6 5.Nc3 a6 6.Bg5 e6 7.f4 Be7 8.Qf3 Qc7
9.O-O-O b5 10.Bxf6 Bxf6 11.Bxb5+ Ke7 12.Ba4 Bb7 13.Qe3 h6 14.h4 Rc8 15.g4 
g6 16.Nde2 Nc6 17.f5 g5 18.h5 Ne5 19.Rhg1 Nc4 20.Qd3 Qb6 21.Bb3 Na5 22.
fxe6 Nxb3+ 23.axb3 fxe6 24.Rgf1 Be5 25.Rf3 Rf8 26.Rdf1 Rxf3 27.Qxf3 Re8 
28.Qf7+ Kd8 29.Qg6 Qe3+ 30.Kd1 Qh3 31.Rg1 Qf3 32.Qxh6 Bf4 33.Qf6+ Kd7 34.
h6 Qe3 35.Qd4 Qxd4+ 36.Nxd4 Be3 37.Rh1 Bxd4 38.Rh5 Bf6 39.h7 Rh8 40.Rh6 
Ke7 0-1

[Event "XII Torneo Leonardo di Bona Nazionale"]
[Site "Cutro ITA"]
[Date "2006.04.25"]
[Round "3"]
[White "Levato, Biagio"]
[Black "Olivo, Gaetano"]
[Result "1/2-1/2"]
[WhiteElo "1510"]
[BlackElo "1637"]
[PlyCount "62"]
[EventDate "2006.04.23"]

1.Nf3 d5 2.d3 Bg4 3.Nbd2 c5 4.g3 Nc6 5.Bg2 Nf6 6.O-O e5 7.e4 d4 8.a4 a6 9.
h3 Bd7 10.Nc4 Qc7 11.Bg5 Be7 12.Re1 h6 13.Bd2 Be6 14.Nh4 g5 15.Nf5 Bxf5 
16.exf5 O-O-O 17.Bxc6 bxc6 18.Ba5 Qb8 19.Nxe5 Kb7 20.Nxf7 Bd6 21.Qf3 Rde8 
22.Rxe8 Rxe8 23.Nxd6+ Qxd6 24.g4 Re5 25.Bd2 Qe7 26.Kf1 Nd5 27.Ra3 Ka7 28.
c3 Qb7 29.Qd1 Re8 30.b4 Qc7 31.Kg2 dxc3 1/2-1/2

[Event "XII Torneo Leonardo di Bona Nazionale"]
[Site "Cutro ITA"]
[Date "2006.04.25"]
[Round "3"]
[White "Macri', Pasquale"]
[Black "Olivo, Ilaria"]
[Result "1-0"]
[WhiteElo "1374"]
[BlackElo "1392"]
[PlyCount "154"]
[EventDate "2006.04.23"]

1.e4 c5 2.Nf3 d6 3.d4 cxd4 4.Nxd4 Nf6 5.Nc3 a6 6.Nd5 e5 7.Nxf6+ Qxf6 8.Nf3
Bg4 9.Be2 Nc6 10.c3 Qg6 11.h3 Bxf3 12.Bxf3 Be7 13.Bh5 Qxe4+ 14.Kf1 O-O 15.
Qg4 Qxg4 16.Bxg4 h6 17.f4 e4 18.Ke2 d5 19.Rd1 Rad8 20.Be3 f5 21.Bb6 Rd7 
22.Bh5 Rf6 23.Be8 Rdd6 24.Bc5 Rde6 25.Bd4 Rf8 26.Bxc6 bxc6 27.Rac1 Bf6 28.
c4 Bxd4 29.cxd5 cxd5 30.Rxd4 Rd8 31.Rcd1 Red6 32.b4 Kf7 33.Rc1 Ke6 34.Rc7 
g5 35.g3 R8d7 36.Rc8 Rg7 37.Ke3 gxf4+ 38.Kxf4 Kd7 39.Rc5 Ke6 40.a4 h5 41.
b5 axb5 42.Rxb5 Rgd7 43.a5 Ra6 44.Rb6+ Rxb6 45.axb6 Rb7 46.Rb4 Kf6 47.Ke3 
Ke5 48.Rb5 Kd6 49.Kd4 Ke6 50.Kc5 Kd7 51.Kxd5 e3 52.Rb2 Rb8 53.Kc5 Re8 54.
Re2 Kc8 55.Kd4 Re4+ 56.Kd3 Rb4 57.Kxe3 Rxb6 58.Kf4 Rf6 59.Re5 Kd7 60.Rxf5 
Rxf5+ 61.Kxf5 Ke7 62.Kg5 Kf7 63.Kxh5 Kg7 64.g4 Kh7 65.h4 Kg7 66.g5 Kh7 67.
Kg4 Kg6 68.h5+ Kg7 69.h6+ Kh7 70.Kh5 Kg8 71.Kg6 Kh8 72.Kf6 Kg8 73.g6 Kh8 
74.g7+ Kg8 75.Kg5 Kh7 76.Kf6 Kg8 77.h7+ Kxh7 1-0

[Event "XII Torneo Leonardo di Bona Nazionale"]
[Site "Cutro ITA"]
[Date "2006.04.25"]
[Round "3"]
[White "Mercurio, Rosario"]
[Black "Paragliola, Gennaro"]
[Result "0-1"]
[WhiteElo "1333"]
[BlackElo "1529"]
[PlyCount "88"]
[EventDate "2006.04.23"]

1.Nf3 Nf6 2.g3 g6 3.Bg2 Bg7 4.O-O O-O 5.d3 d5 6.Nbd2 c5 7.e4 dxe4 8.dxe4 
Nc6 9.e5 Nd7 10.Nc4 Ncxe5 11.Ncxe5 Nxe5 12.Qe2 Bg4 13.h3 Bxf3 14.Bxf3 
Nxf3+ 15.Qxf3 Qc8 16.Qg2 Rd8 17.Bf4 b6 18.c3 e5 19.Bg5 f6 20.Be3 Rb8 21.f4
Rd3 22.Rfe1 Qb7 23.Qc2 e4 24.Rad1 c4 25.f5 Qd7 26.Bf4 Rd8 27.Rc1 Qxf5 28.
Qa4 Qc5+ 29.Kg2 b5 30.Qa6 Re8 31.Re2 g5 32.Bd2 e3 33.Rce1 f5 34.Qb7 f4 35.
g4 Rf8 36.Kh1 exd2 37.Rd1 Rxh3+ 38.Rh2 Rxh2+ 39.Kxh2 Qf2+ 40.Qg2 Qxg2+ 41.
Kxg2 Rd8 42.Kf2 Bf8 43.Ke2 Bc5 44.Kf3 Be3 0-1

[Event "XII Torneo Leonardo di Bona Nazionale"]
[Site "Cutro ITA"]
[Date "2006.04.25"]
[Round "3"]
[White "Olivo, Paolo"]
[Black "Soluri, Francesco"]
[Result "1-0"]
[WhiteElo "1628"]
[BlackElo "1473"]
[PlyCount "41"]
[EventDate "2006.04.23"]

1.e4 c5 2.Nf3 Nc6 3.d4 cxd4 4.Nxd4 g6 5.Nc3 Bg7 6.Be3 e6 7.f3 a6 8.Qd2 Nf6
9.O-O-O O-O 10.h4 Nxd4 11.Bxd4 Nh5 12.Bxg7 Kxg7 13.g4 Ng3 14.Rh2 Nxf1 15.
Rxf1 h6 16.f4 f6 17.f5 g5 18.hxg5 fxg5 19.Rfh1 Rf6 20.e5 Rf8 21.f6+ 1-0

[Event "XII Torneo Leonardo di Bona Nazionale"]
[Site "Cutro ITA"]
[Date "2006.04.25"]
[Round "3"]
[White "Piccoli, Vincenzo"]
[Black "De Marco, Francesco"]
[Result "0-1"]
[WhiteElo "1667"]
[BlackElo "1881"]
[PlyCount "52"]
[EventDate "2006.04.23"]

1.d4 Nf6 2.c4 e6 3.Nc3 d5 4.Bg5 Be7 5.e3 O-O 6.Nf3 c6 7.Bd3 h6 8.Bh4 b6 9.
O-O Bb7 10.Bxf6 Bxf6 11.cxd5 exd5 12.Rc1 Na6 13.a3 Rc8 14.Qe2 Nc7 15.Rfd1 
g6 16.Bb1 Re8 17.Qd2 Bg7 18.Ba2 Qf6 19.Ne5 Qg5 20.Nd3 c5 21.dxc5 d4 22.f4 
dxc3 23.bxc3 Qh5 24.cxb6 axb6 25.c4 Rcd8 26.Qf2 Rxe3 0-1

[Event "XII Torneo Leonardo di Bona Nazionale"]
[Site "Cutro ITA"]
[Date "2006.04.25"]
[Round "3"]
[White "Policastrese, Salvatore"]
[Black "Alo', Lucio"]
[Result "0-1"]
[WhiteElo "1440"]
[BlackElo "1628"]
[PlyCount "46"]
[EventDate "2006.04.23"]

1.e4 e5 2.Nf3 Nc6 3.Bc4 Be7 4.O-O d6 5.h3 Na5 6.Be2 Nc6 7.Nc3 Nf6 8.d3 O-O
9.Be3 d5 10.exd5 Nxd5 11.Nxd5 Qxd5 12.a3 b6 13.Qd2 Bb7 14.Rfe1 Rfd8 15.c3 
Qe6 16.Qc2 Qg6 17.Rad1 Bc8 18.Qa4 Bxh3 19.g3 Bd7 20.Qe4 f5 21.Qc4+ Kh8 22.
Kf1 f4 23.Bd2 Bh3+ 0-1

[Event "XII Torneo Leonardo di Bona Nazionale"]
[Site "Cutro ITA"]
[Date "2006.04.25"]
[Round "3"]
[White "Rizzuti, Pasquale"]
[Black "Luvera', Filippo"]
[Result "1/2-1/2"]
[WhiteElo "1847"]
[BlackElo "1832"]
[PlyCount "62"]
[EventDate "2006.04.23"]

1.Nf3 Nf6 2.c4 c5 3.Nc3 Nc6 4.g3 g6 5.Bg2 Bg7 6.O-O O-O 7.d4 cxd4 8.Nxd4 
a6 9.Bg5 Qc7 10.Bxf6 exf6 11.Nd5 Qd8 12.Nc2 f5 13.Rb1 d6 14.b4 Ne5 15.Nce3
Rb8 16.f4 Nc6 17.Nc2 Re8 18.Rb3 Be6 19.Rd3 Bxd5 20.Bxd5 Nxb4 21.Nxb4 Qb6+ 
22.Kh1 Qxb4 23.Qc2 b5 24.cxb5 axb5 25.Qc7 Kh8 26.Bxf7 Qe4+ 27.Rdf3 Qe7 28.
Qxe7 Rxe7 29.Bd5 Rxe2 30.Rc1 Bd4 31.Rb3 Bc5 1/2-1/2